[Event "IECG WC.2013.P.00004 email"]
[Site "IECG email"]
[Date "2009.02.18"]
[Round "?"]
[White "Suarez, Ron"]
[Black "Hadden, Ian"]
[Result "1/2-1/2"]
[WhiteElo "1697"]
[BlackElo "1533"]
[PlyCount "141"]
[EventDate "2009.02.18"]
[EventType "tourn (corr)"]
[EventRounds "10"]
[SourceTitle "Corr 2024"]
[Source "ChessBase"]
[SourceDate "2023.10.19"]
[SourceVersion "1"]
[SourceVersionDate "2023.10.19"]
[SourceQuality "1"]

1. c4 e5 2. g3 Nf6 3. Bg2 d5 4. cxd5 Nxd5 5. Nc3 Nxc3 6. bxc3 Nc6 7. Qa4 Bd6 8. Nf3 0-0 9. 0-0 Bd7 10. Rb1 Nd4 11. Qd1 Nxf3+ 12. Bxf3 Qe8 13. d4 e4 14. Bg2 b6 15. Qc2 f5 16. Be3 Rc8 17. c4 c5 18. Qd2 cxd4 19. Bxd4 Qe7 20. Rfd1 Ba4 21. Bxg7 Qxg7 22. Qxd6 Bxd1 23. Rxd1 Rxc4 24. Bh3 Rc5 25. Kg2 Qf6 26. Qf4 Ra5 27. a4 Rxa4 28. Rd6 Qf7 29. Qd2 Ra2 30. Qd4 Ra5 31. Qd2 Kh8 32. Rd7 Qf6 33. e3 Kg8 34. Rd6 Qe5 35. Rd7 Rf7 36. Rd4 h6 37. Rd8+ Kg7 38. Qd1 Rc5 39. Ra8 Rd5 40. Qc2 a5 41. Qc8 Kg6 42. Qg8+ Rg7 43. Qh8 Qf6 44. Qe8+ Kg5 45. Qb8 Rgd7 46. Qg8+ Qg7 47. Qe6 R7d6 48. Qe8 h5 49. Qb8 Rd1 50. Qc8 Rd7 51. Qb8 R1d5 52. Qxb6 R7d6 53. Qb8 Qd7 54. Qg8+ Rg6 55. Qb8 Qd6 56. Qa7 Qf6 57. Rc8 Rg7 58. Qa8 Qe6 59. Rh8 Rg6 60. Qb8 Re5 61. Kg1 Qd6 62. Qb3 Rc5 63. Qf7 Qc7 64. Qe8 Qe5 65. Qd8+ Qf6 66. Qe8 Qd6 67. Qf7 Qc7 68. Qe8 Qe5 69. Qd8+ Qf6 70. Qe8 Qd6 71. Qf7 1/2-1/2

[Event "IECG CP.2008.P.00010 email"]
[Site "IECG email"]
[Date "2008.10.01"]
[Round "?"]
[White "Guaimare, Carlos"]
[Black "Hadden, Ian"]
[Result "1-0"]
[WhiteElo "1765"]
[BlackElo "1578"]
[PlyCount "129"]
[EventDate "2008.10.01"]
[EventType "tourn (corr)"]
[EventRounds "6"]
[EventCountry "ARG"]
[SourceTitle "Corr 2024"]
[Source "ChessBase"]
[SourceDate "2023.10.19"]
[SourceVersion "1"]
[SourceVersionDate "2023.10.19"]
[SourceQuality "1"]

1. e4 e5 2. Nf3 Nc6 3. Bb5 Nf6 4. 0-0 Nxe4 5. Re1 Nd6 6. Nxe5 Be7 7. Bf1 Nxe5 8. Rxe5 0-0 9. d4 Bf6 10. Re1 Nf5 11. c3 d5 12. Bf4 Ne7 13. Bd3 Ng6 14. Bg3 Bg5 15. Qf3 f5 16. Be5 Nxe5 17. Rxe5 c6 18. Na3 Be7 19. Rae1 Bd6 20. R5e2 Qh4 21. h3 Kh8 22. c4 Qxd4 23. cxd5 Bd7 24. Nc4 Bb4 25. Rd1 Qxd5 26. Qf4 Be6 27. a3 Be7 28. Re5 Bd6 29. Nxd6 Qxd6 30. Qe3 Rf6 31. f4 c5 32. Bc2 Qb6 33. Qxc5 Qxc5+ 34. Rxc5 Kg8 35. g4 fxg4 36. f5 Bf7 37. hxg4 Rb8 38. Rd7 Be8 39. Rdc7 Rb6 40. b4 Ra6 41. Rc3 Rc6 42. Bb3+ Kh8 43. Bd5 Rxc3 44. Rxc3 b6 45. Rc7 Rd8 46. Be6 a5 47. g5 axb4 48. axb4 Ba4 49. Kf2 Rf8 50. Kg3 Rd8 51. g6 hxg6 52. fxg6 Be8 53. Rc4 Bxg6 54. Rh4+ Bh7 55. Bf5 Rd1 56. Rxh7+ Kg8 57. Rh5 Kf7 58. Bg4 Rd3+ 59. Bf3 Kf6 60. Rb5 Rd6 61. Kf4 Kf7 62. Rd5 Re6 63. Bg4 Rc6 64. Ke5 Kg6 65. Rd6+ 1-0

[Event "IECG QD.2008.0.00108"]
[Site "IECG email"]
[Date "2008.06.22"]
[Round "?"]
[White "Hadden, Ian"]
[Black "Cabrera, Claudio"]
[Result "1-0"]
[WhiteElo "1538"]
[BlackElo "1467"]
[PlyCount "29"]
[EventDate "2008.06.22"]
[EventType "tourn (corr)"]
[EventRounds "6"]
[SourceTitle "Corr 2024"]
[Source "ChessBase"]
[SourceDate "2023.10.19"]
[SourceVersion "1"]
[SourceVersionDate "2023.10.19"]
[SourceQuality "1"]

1. Nf3 c5 2. e4 Nc6 3. Nc3 e6 4. d4 Nf6 5. d5 exd5 6. exd5 Nb4 7. d6 Qb6 8. Qe2+ Kd8 9. Ng5 Bxd6 10. Nxf7+ Kc7 11. Nxh8 a6 12. Nf7 Kb8 13. a3 Nbd5 14. Nxd5 Nxd5 15. Qd1 1-0

[Event "IECG QD.2008.0.00106"]
[Site "IECG email"]
[Date "2008.04.25"]
[Round "?"]
[White "Hadden, Ian"]
[Black "Hargreaves, John R"]
[Result "1-0"]
[WhiteElo "1541"]
[BlackElo "1500"]
[PlyCount "59"]
[EventDate "2008.04.25"]
[EventType "tourn (corr)"]
[EventRounds "6"]
[SourceTitle "Corr 2024"]
[Source "ChessBase"]
[SourceDate "2023.10.19"]
[SourceVersion "1"]
[SourceVersionDate "2023.10.19"]
[SourceQuality "1"]

1. Nf3 Nf6 2. d4 d5 3. Bf4 e6 4. e3 Be7 5. h3 0-0 6. Be2 Nh5 7. Bh2 Bd7 8. c4 dxc4 9. Bxc4 Nc6 10. Nc3 a6 11. 0-0 b5 12. Bd3 b4 13. Ne4 f5 14. Nc5 Bxc5 15. dxc5 Nf6 16. Rc1 a5 17. Qc2 a4 18. a3 b3 19. Qe2 Be8 20. Bc4 Qe7 21. Bb5 Ra5 22. Nd4 Nxd4 23. exd4 Bf7 24. Rfe1 Rd8 25. Qc4 Rda8 26. Bc6 R8a7 27. Bf4 h6 28. Bd2 R5a6 29. Bb7 e5 30. Qe2 1-0

[Event "IECG QD.2008.0.00106"]
[Site "IECG email"]
[Date "2008.04.25"]
[Round "?"]
[White "Hadden, Ian"]
[Black "Senis, Enrico"]
[Result "0-1"]
[WhiteElo "1541"]
[BlackElo "1408"]
[PlyCount "80"]
[EventDate "2008.04.25"]
[EventType "tourn (corr)"]
[EventRounds "6"]
[SourceTitle "Corr 2024"]
[Source "ChessBase"]
[SourceDate "2023.10.19"]
[SourceVersion "1"]
[SourceVersionDate "2023.10.19"]
[SourceQuality "1"]

1. Nf3 d5 2. d4 Nf6 3. Bf4 e6 4. e3 Bd6 5. Bd3 Bxf4 6. exf4 Qd6 7. Qd2 Bd7 8. 0-0 0-0 9. Nc3 c5 10. dxc5 Qxc5 11. b4 Qd6 12. a3 Nc6 13. Nb5 Qe7 14. Rfe1 Rfc8 15. Nc3 Qd6 16. Ne2 a5 17. b5 Ne7 18. Ne5 Ng6 19. Bxg6 hxg6 20. c4 Be8 21. Rec1 a4 22. Qe3 Qe7 23. Rab1 dxc4 24. Nxc4 Nd5 25. Qd4 Rc5 26. Nb6 Rxc1+ 27. Rxc1 Rd8 28. Nxd5 Rxd5 29. Qa1 Qd6 30. Nc3 Rd3 31. Rd1 Rxd1+ 32. Qxd1 Qxa3 33. Nxa4 f6 34. Nb6 Qc5 35. Na8 Bxb5 36. Qb1 Kf7 37. h3 Bc6 38. Nb6 Qd6 39. g3 Qc5 40. h4 Qd4 0-1

[Event "IECG QD.2008.0.00106"]
[Site "IECG email"]
[Date "2008.04.25"]
[Round "?"]
[White "Senis, Enrico"]
[Black "Hadden, Ian"]
[Result "1-0"]
[WhiteElo "1408"]
[BlackElo "1541"]
[PlyCount "75"]
[EventDate "2008.04.25"]
[EventType "tourn (corr)"]
[EventRounds "6"]
[SourceTitle "Corr 2024"]
[Source "ChessBase"]
[SourceDate "2023.10.19"]
[SourceVersion "1"]
[SourceVersionDate "2023.10.19"]
[SourceQuality "1"]

1. e4 e6 2. d4 d5 3. Nc3 Bb4 4. e5 Ne7 5. a3 Bxc3+ 6. bxc3 b6 7. Nf3 Ba6 8. Bxa6 Nxa6 9. Qd3 Nb8 10. Bg5 0-0 11. c4 Nbc6 12. cxd5 exd5 13. 0-0 Qd7 14. Rfe1 Nf5 15. Bd2 Qe6 16. Rac1 Qg6 17. Qc3 Rfe8 18. Qb2 Qe6 19. h3 h6 20. a4 a6 21. Rb1 Nfe7 22. Qa3 Qg6 23. Qc3 Qe6 24. Nh4 Na5 25. Qd3 Nc4 26. f4 Qd7 27. Bc3 Qxa4 28. f5 Qc6 29. Bd2 a5 30. Bc1 f6 31. Qg3 fxe5 32. dxe5 Kh7 33. Qd3 Kh8 34. Qf3 Qc5+ 35. Kh2 Nc6 36. e6 N4e5 37. Qg3 d4 38. Bf4 1-0

[Event "IECG CD.2008.0.00125 email"]
[Site "IECG email"]
[Date "2008.03.09"]
[Round "?"]
[White "Hadden, Ian"]
[Black "Cornell, David"]
[Result "0-1"]
[WhiteElo "1541"]
[BlackElo "1560"]
[PlyCount "76"]
[EventDate "2008.03.09"]
[EventType "tourn (corr)"]
[EventRounds "6"]
[SourceTitle "Corr 2011"]
[Source "ChessBase"]
[SourceDate "2010.08.31"]
[SourceVersion "1"]
[SourceVersionDate "2010.08.31"]
[SourceQuality "1"]

1. e4 c5 2. Nf3 Nc6 3. Nc3 Nf6 4. Bb5 Qc7 5. 0-0 Nd4 6. e5 Nxf3+ 7. Qxf3 Qxe5 8. d3 e6 9. Bf4 Qh5 10. Qg3 a6 11. Ba4 b5 12. Bb3 Bb7 13. Rae1 Be7 14. a4 Bc6 15. axb5 axb5 16. f3 Qf5 17. Be3 0-0 18. Bh6 Nh5 19. Qe5 Qxe5 20. Rxe5 gxh6 21. Rxh5 d5 22. Bxd5 exd5 23. Nxd5 Bxd5 24. Rxd5 Rfd8 25. Rxd8+ Bxd8 26. Re1 Bf6 27. b3 Ra1 28. Rxa1 Bxa1 29. Kf2 Kg7 30. f4 Kg6 31. Kf3 b4 32. Ke4 Bd4 33. g3 Kf6 34. Kf3 h5 35. Ke4 Ke6 36. Kf3 Kd5 37. h3 Bg1 38. f5 Kd4 0-1

[Event "IECG CD.2008.0.00125 email"]
[Site "IECG email"]
[Date "2008.03.09"]
[Round "?"]
[White "Turner, Larry"]
[Black "Hadden, Ian"]
[Result "0-1"]
[WhiteElo "1560"]
[BlackElo "1541"]
[PlyCount "34"]
[EventDate "2008.03.09"]
[EventType "tourn (corr)"]
[EventRounds "6"]
[SourceTitle "Corr 2024"]
[Source "ChessBase"]
[SourceDate "2023.10.19"]
[SourceVersion "1"]
[SourceVersionDate "2023.10.19"]
[SourceQuality "1"]

1. e4 e6 2. d4 d5 3. e5 c5 4. Nf3 cxd4 5. Bd3 Nc6 6. 0-0 Bd7 7. Re1 Bc5 8. Nbd2 Nge7 9. Nb3 Bb6 10. Bg5 h6 11. Bh4 g5 12. Bg3 g4 13. Nfd2 Rg8 14. Bh4 Nb4 15. Nf3 gxf3 16. Qxf3 Rc8 17. Rec1 Ba4 0-1

[Event "IECG CP.2006.P.00010 email"]
[Site "IECG email"]
[Date "2006.10.01"]
[Round "?"]
[White "Hadden, Ian"]
[Black "Migliorini, Roberto"]
[Result "0-1"]
[WhiteElo "1349"]
[BlackElo "2056"]
[PlyCount "106"]
[EventDate "2006.10.01"]
[EventType "tourn (corr)"]
[EventRounds "6"]
[SourceTitle "Corr 2011"]
[Source "ChessBase"]
[SourceDate "2010.08.31"]
[SourceVersion "1"]
[SourceVersionDate "2010.08.31"]
[SourceQuality "1"]

1. e4 c6 2. Nf3 d5 3. e5 g6 4. d4 Bg7 5. Bd3 f6 6. 0-0 Bg4 7. exf6 Nxf6 8. Nbd2 0-0 9. h3 Bf5 10. Re1 Bxd3 11. cxd3 Na6 12. Qe2 Qd7 13. Ng5 e6 14. Ndf3 Rae8 15. Bd2 Qd8 16. Rac1 h6 17. Nxe6 Qc8 18. Nh4 Rf7 19. Nxg6 Nc7 20. Ne5 Rxe6 21. Qf3 Rfe7 22. Bb4 Re8 23. a4 Na6 24. Bc3 Qc7 25. b4 Qd6 26. Rb1 b5 27. axb5 cxb5 28. Bd2 Qb6 29. Qf4 Nb8 30. Rbc1 Nbd7 31. Qf5 Nf8 32. Rc5 a6 33. Rec1 R6e7 34. Rc6 Qxd4 35. Nf3 Qb2 36. Rf1 Re5 37. Nxe5 Rxe5 38. Bc3 Qxc3 39. Qxf6 Qxd3 40. Qf4 Re6 41. Rc7 Rf6 42. Qc1 Ne6 43. Rc8+ Bf8 44. Rd1 Qf5 45. f3 Nf4 46. Kh2 Rg6 47. g4 Qf6 48. Qc2 h5 49. Re1 Kg7 50. Rc7+ Kh6 51. Qd2 Bd6 52. Rc8 hxg4 53. fxg4 Kh7 0-1

[Event "IECG CP.2006.P.00010 email"]
[Site "IECG email"]
[Date "2006.10.01"]
[Round "?"]
[White "Sulis, Giovanni"]
[Black "Hadden, Ian"]
[Result "1-0"]
[WhiteElo "1801"]
[BlackElo "1349"]
[PlyCount "101"]
[EventDate "2006.10.01"]
[EventType "tourn (corr)"]
[EventRounds "6"]
[SourceTitle "Corr 2011"]
[Source "ChessBase"]
[SourceDate "2010.08.31"]
[SourceVersion "1"]
[SourceVersionDate "2010.08.31"]
[SourceQuality "1"]

1. c4 e5 2. g3 Nc6 3. Nc3 Nf6 4. Bg2 Bb4 5. Nd5 Ba5 6. Qa4 0-0 7. b4 Nxd5 8. cxd5 Nxb4 9. a3 b5 10. Qxa5 Nc2+ 11. Kf1 Nxa1 12. Qc3 Bb7 13. Bb2 Re8 14. Bxa1 c5 15. Be4 Qb6 16. Kg2 b4 17. Qc2 b3 18. Qc3 d6 19. Nf3 a5 20. Rb1 a4 21. Qe3 Qb5 22. d3 Qd7 23. Nh4 g6 24. f4 f5 25. Bf3 Qf7 26. fxe5 Bxd5 27. Kg1 Bxf3 28. Nxf3 Rab8 29. Qc1 dxe5 30. Nxe5 Qd5 31. e4 Qd6 32. Qc4+ Qe6 33. Qxc5 fxe4 34. Qc3 Qb6+ 35. Kg2 Qf6 36. Qc4+ Qe6 37. Qxe4 Rec8 38. Qd4 Rc2+ 39. Kh1 Rbc8 40. Bb2 Rf8 41. Kg1 Re8 42. Rf1 Qxe5 43. Qxe5 Rxe5 44. Bxe5 Re2 45. d4 Rd2 46. h4 h6 47. g4 Re2 48. g5 hxg5 49. hxg5 Rd2 50. Rc1 Kf8 51. Re1 1-0

[Event "IECG QE.2006.0.00100"]
[Site "IECG email"]
[Date "2006.05.05"]
[Round "?"]
[White "Hadden, Ian"]
[Black "Frias, Renato"]
[Result "1-0"]
[WhiteElo "1342"]
[BlackElo "1250"]
[PlyCount "29"]
[EventDate "2006.05.05"]
[EventType "tourn (corr)"]
[EventRounds "6"]
[SourceTitle "Corr 2024"]
[Source "ChessBase"]
[SourceDate "2023.10.19"]
[SourceVersion "1"]
[SourceVersionDate "2023.10.19"]
[SourceQuality "1"]

1. e4 e6 2. Nc3 d5 3. d4 Bb4 4. exd5 exd5 5. Nf3 Nc6 6. Bb5 Nge7 7. 0-0 0-0 8. Bd3 Bf5 9. Re1 Qd7 10. a3 Bxc3 11. bxc3 Bxd3 12. cxd3 f6 13. Ra2 Rae8 14. Rae2 Ng6 15. Rxe8 1-0

[Event "IECG QE.2006.0.00100"]
[Site "IECG email"]
[Date "2006.05.05"]
[Round "?"]
[White "Hadden, Ian"]
[Black "Rodriguez Zarate, Renato Roman"]
[Result "1-0"]
[WhiteElo "1342"]
[BlackElo "1324"]
[PlyCount "37"]
[EventDate "2006.05.05"]
[EventType "tourn (corr)"]
[EventRounds "6"]
[SourceTitle "Corr 2008"]
[Source "ChessBase"]
[SourceDate "2008.06.24"]
[SourceVersion "1"]
[SourceVersionDate "2008.06.24"]
[SourceQuality "1"]

1. e4 e5 2. Nf3 Nc6 3. Nc3 Nf6 4. d4 exd4 5. Nxd4 Bb4 6. Nxc6 bxc6 7. Qd4 Qe7 8. Bd3 Bc5 9. Qa4 Ng4 10. Nd1 0-0 11. h3 Ne5 12. Be3 Rb8 13. 0-0 d5 14. a3 Bd7 15. Re1 Bd6 16. Qa6 Bxh3 17. Be2 Be6 18. f4 Ng6 19. g3 1-0

[Event "IECG TE.2006.P.02106 email"]
[Site "IECG email"]
[Date "2006.03.17"]
[Round "?"]
[White "Hadden, Ian"]
[Black "Malmstroem, Jan"]
[Result "0-1"]
[WhiteElo "1342"]
[BlackElo "1849"]
[PlyCount "88"]
[EventDate "2006.03.17"]
[EventType "tourn (corr)"]
[EventRounds "12"]
[SourceTitle "Corr 2024"]
[Source "ChessBase"]
[SourceDate "2023.10.19"]
[SourceVersion "1"]
[SourceVersionDate "2023.10.19"]
[SourceQuality "1"]

1. e4 c5 2. f4 Nf6 3. Nc3 Nc6 4. e5 Ng8 5. Nf3 d5 6. Bb5 Bg4 7. 0-0 e6 8. d4 Nh6 9. Be3 Nf5 10. Qd3 Nxe3 11. Qxe3 Qb6 12. Qd3 Bf5 13. Qd2 cxd4 14. Nxd4 Bc5 15. Bxc6+ bxc6 16. Nce2 Qxb2 17. Kh1 Be4 18. Nxc6 0-0 19. Ned4 Rfc8 20. Rfb1 Qa3 21. Rb5 a6 22. Rb7 Qa4 23. Ne7+ Bxe7 24. Rxe7 Rc4 25. c3 Qa3 26. Rb7 Rxc3 27. Rb3 Rxb3 28. Nxb3 Rc8 29. Rc1 Rxc1+ 30. Nxc1 f6 31. exf6 gxf6 32. Nb3 Kf7 33. Qf2 a5 34. Qa7+ Kg6 35. Qxa5 Qxa5 36. Nxa5 Kf5 37. Kg1 Kxf4 38. Kf2 d4 39. Nb3 e5 40. a4 Bd5 41. g3+ Kg4 42. Nc5 e4 43. a5 e3+ 44. Ke1 Kh3 0-1

[Event "IECG TE.2006.P.02106 email"]
[Site "IECG email"]
[Date "2006.03.17"]
[Round "?"]
[White "Hadden, Ian"]
[Black "Peroutik, Jiri"]
[Result "1/2-1/2"]
[WhiteElo "1342"]
[BlackElo "1613"]
[PlyCount "104"]
[EventDate "2006.03.17"]
[EventType "tourn (corr)"]
[EventRounds "12"]
[SourceTitle "Corr 2024"]
[Source "ChessBase"]
[SourceDate "2023.10.19"]
[SourceVersion "1"]
[SourceVersionDate "2023.10.19"]
[SourceQuality "1"]

1. e4 c5 2. f4 e6 3. Nc3 Nc6 4. Nf3 d5 5. Bb5 Nge7 6. exd5 Nxd5 7. Ne5 Bd7 8. Nxc6 Bxc6 9. Bxc6+ bxc6 10. 0-0 Be7 11. b3 Bf6 12. Qf3 0-0 13. Bb2 Nb4 14. Qd1 c4 15. Kh1 cxb3 16. axb3 Bd4 17. Na4 Bxb2 18. Nxb2 Qf6 19. Nc4 Rfd8 20. Ra5 Rd5 21. c3 Nd3 22. Qf3 Qd8 23. Rfa1 Nc5 24. R5a3 Qb8 25. b4 Nd7 26. Ra6 Qb5 27. d3 g6 28. Kg1 Kg7 29. R1a2 Qb7 30. Ne3 Nb8 31. R6a3 Rd8 32. Nc4 Qc7 33. Ra5 Rd5 34. R5a4 Nd7 35. Ra6 Nb8 36. R6a4 Nd7 37. d4 Nb6 38. Nxb6 Qxb6 39. Ra6 Qc7 40. Qe4 Qb7 41. c4 Rd7 42. Qe5+ Kg8 43. Qc5 Rc7 44. Ra1 Kg7 45. R1a3 Qb8 46. g3 h6 47. h4 h5 48. Kg2 Qb7 49. Kf2 Kh7 50. Kf3 Kg7 51. Kg2 f6 52. Kg1 Kh7 1/2-1/2

[Event "IECG CE.2006.0.00093 email"]
[Site "IECG email"]
[Date "2006.02.11"]
[Round "?"]
[White "Cook, Phil"]
[Black "Hadden, Ian"]
[Result "0-1"]
[WhiteElo "1322"]
[BlackElo "1331"]
[PlyCount "20"]
[EventDate "2006.02.11"]
[EventType "tourn (corr)"]
[EventRounds "6"]
[SourceTitle "Corr 2024"]
[Source "ChessBase"]
[SourceDate "2023.10.19"]
[SourceVersion "1"]
[SourceVersionDate "2023.10.19"]
[SourceQuality "1"]

1. e4 c5 2. Nf3 Nc6 3. d4 cxd4 4. Nxd4 Nf6 5. Nc3 e5 6. Ndb5 d6 7. Bg5 a6 8. Bxf6 gxf6 9. Na3 Rg8 10. Nd5 f5 0-1

[Event "IECG CE.2005.0.00087 email"]
[Site "IECG email"]
[Date "2005.06.26"]
[Round "1"]
[White "Boyd, John Michael"]
[Black "Hadden, Ian"]
[Result "1-0"]
[WhiteElo "1391"]
[BlackElo "1366"]
[PlyCount "51"]
[EventDate "2005.06.26"]
[EventType "tourn (corr)"]
[EventRounds "6"]
[SourceTitle "Corr 2008"]
[Source "ChessBase"]
[SourceDate "2008.06.24"]
[SourceVersion "1"]
[SourceVersionDate "2008.06.24"]
[SourceQuality "1"]

1. d4 Nf6 2. Nf3 e6 3. Bf4 Bd6 4. Bxd6 cxd6 5. c4 Qb6 6. Nc3 Qxb2 7. Nb5 Kd8 8. a3 a6 9. Rb1 Qa2 10. Nxd6 Ke7 11. Qc1 Nc6 12. e3 Na5 13. Nd2 Kxd6 14. Rb2 Qxb2 15. Qxb2 Kc7 16. c5 Nc6 17. Qb6+ Kb8 18. Bc4 h5 19. 0-0 h4 20. e4 Rh5 21. Rb1 h3 22. g3 Ra7 23. Bb3 Ne8 24. d5 Ne5 25. f4 Ng6 26. d6 1-0

[Event "IECG CE.2005.0.00085 email"]
[Site "IECG email"]
[Date "2005.04.24"]
[Round "?"]
[White "Hadden, Ian"]
[Black "Kloos, Dennis"]
[Result "0-1"]
[WhiteElo "1362"]
[BlackElo "1200"]
[PlyCount "96"]
[EventDate "2005.04.24"]
[EventType "tourn (corr)"]
[EventRounds "6"]
[SourceTitle "Corr 2008"]
[Source "ChessBase"]
[SourceDate "2008.06.24"]
[SourceVersion "1"]
[SourceVersionDate "2008.06.24"]
[SourceQuality "1"]

1. e4 c5 2. Nc3 d6 3. Nf3 Nc6 4. d4 cxd4 5. Nxd4 Nf6 6. Bb5 Bd7 7. 0-0 e6 8. Nxc6 bxc6 9. Be2 Be7 10. Qd3 0-0 11. Qg3 Ne8 12. Rd1 e5 13. b3 f5 14. Qe3 f4 15. Qd2 Qc7 16. Bc4+ Kh8 17. f3 Rf6 18. Na4 Rg6 19. Kh1 Bh4 20. Ba3 Rh6 21. Bf7 Bg3 22. Bxe8 Rxe8 23. Bxd6 Rxh2+ 24. Kg1 Qd8 25. Kf1 Qh4 26. Bc5 Bh3 27. Bg1 Bxg2+ 28. Qxg2 Rxg2 29. Kxg2 g5 30. Kf1 Qh3+ 31. Ke2 Qg2+ 32. Kd3 Qxf3+ 33. Kc4 Qxe4+ 34. Kc3 h5 35. Bxa7 Bf2 36. Bxf2 Qf3+ 37. Kb2 Qxf2 38. Rd6 h4 39. Rxc6 e4 40. Rd1 Re7 41. Nc5 e3 42. Rd8+ Kg7 43. Ne6+ Rxe6 44. Rxe6 e2 45. Rde8 Qc5 46. R8e7+ Kf8 47. Re8+ Kf7 48. Rxe2 f3 0-1

[Event "IECG TE.2005.P.01801 email"]
[Site "IECG email"]
[Date "2005.03.24"]
[Round "?"]
[White "Hadden, Ian"]
[Black "Bertel, Michael"]
[Result "1/2-1/2"]
[WhiteElo "1362"]
[BlackElo "1779"]
[PlyCount "67"]
[EventDate "2005.03.24"]
[EventType "tourn (corr)"]
[EventRounds "8"]
[SourceTitle "Corr 2008"]
[Source "ChessBase"]
[SourceDate "2008.06.24"]
[SourceVersion "1"]
[SourceVersionDate "2008.06.24"]
[SourceQuality "1"]

1. d4 Nf6 2. c4 c5 3. d5 b5 4. Nf3 e6 5. dxe6 fxe6 6. cxb5 a6 7. e3 axb5 8. Bxb5 Ba6 9. Bxa6 Rxa6 10. Nc3 d5 11. Qe2 c4 12. e4 Bb4 13. exd5 Bxc3+ 14. bxc3 Qxd5 15. 0-0 Qd3 16. Qxd3 cxd3 17. Rd1 Nbd7 18. Rxd3 0-0 19. Be3 e5 20. Rd2 Rc8 21. Rad1 e4 22. Ne1 Nf8 23. Bd4 Ne6 24. Rb1 Nxd4 25. cxd4 Rca8 26. Rbb2 Ra4 27. d5 R4a6 28. d6 Rd8 29. a4 Rxa4 30. Rd1 Ra6 31. Rbd2 Ne8 32. d7 Nf6 33. f3 Ra7 34. Kf1 1/2-1/2

[Event "IECG QE.2005.0.00086 email"]
[Site "IECG email"]
[Date "2005.03.02"]
[Round "?"]
[White "Borrell, Robert"]
[Black "Hadden, Ian"]
[Result "1-0"]
[WhiteElo "1359"]
[BlackElo "1251"]
[PlyCount "57"]
[EventDate "2005.03.02"]
[EventType "tourn (corr)"]
[EventRounds "6"]
[SourceTitle "Corr 2008"]
[Source "ChessBase"]
[SourceDate "2008.06.24"]
[SourceVersion "1"]
[SourceVersionDate "2008.06.24"]
[SourceQuality "1"]

1. e4 e6 2. d4 d5 3. Nd2 c5 4. Ngf3 Nc6 5. exd5 exd5 6. Bb5 Qe7+ 7. Be2 g5 8. 0-0 g4 9. Ne5 Nxd4 10. Bxg4 Bg7 11. Bxc8 Rxc8 12. c3 Ne6 13. Qa4+ Kd8 14. Re1 Bxe5 15. Rxe5 Nf6 16. Nf3 Rg8 17. Bg5 Rc6 18. Qxa7 Kc7 19. Qa4 Rg6 20. Rae1 Ra6 21. Qd1 Rxa2 22. Rxd5 Rxb2 23. Qa1 Rxg5 24. Rxg5 Rb6 25. Qa5 Nd7 26. Rd5 Nf6 27. Rdd1 Nd7 28. c4 f6 29. Nh4 1-0

[Event "IECG QE.2005.0.00086 email"]
[Site "IECG email"]
[Date "2005.03.02"]
[Round "?"]
[White "Hadden, Ian"]
[Black "Michos, Dionyssios"]
[Result "0-1"]
[WhiteElo "1251"]
[BlackElo "1252"]
[PlyCount "126"]
[EventDate "2005.03.02"]
[EventType "tourn (corr)"]
[EventRounds "6"]
[SourceTitle "Corr 2008"]
[Source "ChessBase"]
[SourceDate "2008.06.24"]
[SourceVersion "1"]
[SourceVersionDate "2008.06.24"]
[SourceQuality "1"]

1. e4 c5 2. Nc3 Nc6 3. Nf3 e5 4. Bc4 Be7 5. 0-0 Nf6 6. d3 0-0 7. Bg5 d6 8. Bxf6 Bxf6 9. Nd5 a6 10. c3 b5 11. Bb3 Be6 12. a4 b4 13. Bc4 a5 14. Qd2 Rb8 15. Rfe1 Bxd5 16. Bxd5 Ne7 17. Bc4 Qc8 18. Bb5 Qg4 19. cxb4 cxb4 20. h3 Qh5 21. Rac1 Ng6 22. Bd7 Nh4 23. Nxh4 Bxh4 24. Rc6 Bg5 25. Qc2 Qh6 26. Qc4 Bd8 27. Rd1 Bb6 28. Qa6 Bd4 29. Rxd6 Qh4 30. Rxd4 Ra8 31. Qxa8 Rxa8 32. Rd5 Qf6 33. Rc1 Qf4 34. Rc2 h5 35. b3 Kh7 36. Bc6 Ra7 37. d4 Qxe4 38. Rxe5 Qxd4 39. Rxh5+ Kg8 40. Bf3 Qa1+ 41. Kh2 g6 42. Rd5 Qb1 43. Bd1 Kg7 44. Rc4 Qb2 45. Kg3 Qf6 46. Rcc5 Re7 47. f3 Re1 48. Rxa5 Qa1 49. Bc2 Rg1 50. Be4 Qf1 51. Kf4 Qxg2 52. Ke5 Qh2+ 53. Kd4 Rc1 54. Rdc5 Qb2+ 55. Kd5 Qxb3+ 56. Kc6 Qe6+ 57. Kb5 Qd7+ 58. Rc6 b3 59. Ra7 Qxa7 60. Rxc1 Qb8+ 61. Ka5 b2 62. Rd1 f5 63. Bb1 Qc7+ 0-1